| 000 | 00697cac a22002171u 4500 | ||
|---|---|---|---|
| 090 | _c9539 | ||
| 008 | 081116t1999 xxu||||| |||| 00| 0 eng d | ||
| 020 | _a8172248172 | ||
| 082 |
_a174.4 _bSAD |
||
| 100 |
_aSadri, Sorab. _938128 |
||
| 245 |
_aThe Theory And Practice Of Managerial Ethics / _cSorab Sadri, Dhun S. Dastoor, S. Jayashree. |
||
| 260 |
_aMumbai : _bJaico Publishing House, _cc.1999. |
||
| 300 |
_a506; _c20cm. |
||
| 500 | _aDistributer: Al-Ahram. | ||
| 504 | _aIncludes Index. | ||
| 511 | _aCatalogued By: Mahitab. | ||
| 650 | _aManagement -- Moral and ethical aspects. | ||
| 650 | _aBusiness ethics. | ||
| 700 | 1 | _aDastoor, Dhun S. | |
| 942 |
_cBB _k174.4SAD _2ddc |
||
| 999 |
_c9539 _d9539 |
||